[Event "Online Olym Div3 A 2021"]
[Site "chess.com INT"]
[Date "2021.08.27"]
[Round "3.5"]
[Board "3"]
[White "Thurner, Anya"]
[Black "Sakai, Azumi"]
[Result "0-1"]
[BlackTitle "WCM"]
[WhiteElo "1557"]
[BlackElo "1731"]
[WhiteTeam "New Zealand"]
[BlackTeam "Japan"]
[WhiteFideId "4307780"]
[BlackFideId "7001800"]
[EventDate "2021.08.27"]
[EventType "team"]

1. e4 e6 2. d4 d5 3. exd5 exd5 4. Bd3 Bd6 5. Nf3 Nf6 6. Qe2+ Be6 7. Ng5 Qe7 8.
Nxe6 fxe6 9. O-O O-O 10. Re1 Nc6 11. c3 Rae8 12. Nd2 e5 13. Nb3 e4 14. Bc2 Qf7
15. h3 Nh5 16. Be3 Nf4 17. Bxf4 Qxf4 18. g3 Qf5 19. Qf1 Qg5 20. Qg2 Ne7 21. Bd1
Rf6 22. Be2 Ref8 23. Rf1 Nf5 24. Nc5 Bxc5 25. dxc5 Qd2 26. Bg4 Qxb2 27. Rab1
Qxc3 28. Bxf5 Rxf5 29. Rxb7 Qxc5 30. Rbb1 Qa3 31. Rb7 c5 32. Rc7 Qa5 33. Rb7
Qxa2 34. Rb5 Qc4 35. Ra5 a6 36. Rfa1 R5f6 37. Rf1 d4 38. Raa1 e3 39. f4 d3 40.
Rfe1 e2 41. Rac1 Qd4+ 42. Kh1 d2 43. Qxe2 dxc1=Q 44. Rxc1 a5 45. Qa2+ Kh8 46.
Qxa5 Qe4+ 47. Kg1 Qe3+ 0-1

[Event "Online Olym Div3 A 2021"]
[Site "chess.com INT"]
[Date "2021.08.27"]
[Round "3.5"]
[Board "4"]
[White "Misawa, Yuki"]
[Black "Gan, Emily"]
[Result "1-0"]
[WhiteElo "1577"]
[BlackElo "1438"]
[WhiteTeam "Japan"]
[BlackTeam "New Zealand"]
[WhiteFideId "7003862"]
[BlackFideId "4310608"]
[EventDate "2021.08.27"]
[EventType "team"]

1. d4 Nf6 2. c4 g6 3. Nc3 Bg7 4. Nf3 O-O 5. e4 d6 6. h3 Nbd7 7. Bg5 b6 8. Be2 h6
9. Be3 Bb7 10. Nd2 c5 11. d5 e6 12. Qc2 exd5 13. exd5 a6 14. a4 Re8 15. O-O Nh7
16. Rfe1 Ne5 17. b3 f5 18. Nf3 Nxf3+ 19. Bxf3 Ng5 20. Be2 Ne4 21. Nxe4 Bxa1 22.
Nxd6 Qxd6 23. Rxa1 f4 24. Bc1 Bc8 25. Bb2 Bf5 26. Qc3 Qf8 27. Qh8+ Kf7 28. Qh7+ 1-0

[Event "Online Olym Div3 A 2021"]
[Site "chess.com INT"]
[Date "2021.08.27"]
[Round "3.5"]
[Board "5"]
[White "Picken, Oliver"]
[Black "Otawa, Yuto"]
[Result "1/2-1/2"]
[WhiteTitle "CM"]
[WhiteElo "1767"]
[BlackElo "2125"]
[WhiteTeam "New Zealand"]
[BlackTeam "Japan"]
[WhiteFideId "4304764"]
[BlackFideId "7001762"]
[EventDate "2021.08.27"]
[EventType "team"]

1. e4 e5 2. Nf3 Nc6 3. Bc4 Bc5 4. c3 a6 5. d4 exd4 6. cxd4 Bb4+ 7. Nc3 Nge7 8.
Ng5 d5 9. exd5 Bxc3+ 10. bxc3 Nxd5 11. O-O Be6 12. Re1 O-O 13. Qh5 Nf6 14. Nxe6
Nxh5 15. Nxd8 Raxd8 16. Ba3 Rfe8 17. Kf1 b5 18. Rxe8+ Rxe8 19. Bd5 Nd8 20. Re1
Rxe1+ 21. Kxe1 Nf4 22. Be4 g6 23. g3 Nfe6 24. Be7 f5 25. Bd5 c6 26. Bb3 Kg7 27.
d5 cxd5 28. Bxd5 Nc7 29. Bf3 Nde6 30. Bb7 Kf7 31. Bd6 Ke8 32. Bc6+ Kf7 33. Kd2
Ne8 34. Be5 Nf6 35. f3 Nc5 36. Bd4 Ne6 37. Bb6 Ng5 38. h4 Ne6 39. Kc2 Ke7 40.
Kb3 Kd6 41. Ba8 Nd7 42. Bg1 Nc7 43. Bb7 Ne6 44. Kb4 Nc7 45. Ka5 Nb8 46. g4 f4
47. Bh2 Ke5 48. Kb6 Nd5+ 49. Bxd5 Kxd5 50. Bxf4 Nd7+ 51. Kxa6 Kc4 52. Bd6 Nf6
53. Bb4 Nd5 54. Ka5 Nf4 55. a4 bxa4 56. Kxa4 Ng2 57. h5 gxh5 58. gxh5 h6 59. Bf8
Nf4 60. Bxh6 Nxh5 61. Bd2 Kd3 62. Kb5 Kxd2 63. c4 Nf6 64. c5 Ke3 65. Kc6 Kxf3
66. Kc7 Ke4 67. c6 Kd5 68. Kb7 Ne8 69. c7 Nxc7 1/2-1/2

[Event "Online Olym Div3 A 2021"]
[Site "chess.com INT"]
[Date "2021.08.27"]
[Round "3.5"]
[Board "6"]
[White "Mitsuyama, Rikka"]
[Black "Ning, Isabelle Yixuan"]
[Result "1-0"]
[BlackTitle "WCM"]
[WhiteElo "1157"]
[BlackElo "1774"]
[WhiteTeam "Japan"]
[BlackTeam "New Zealand"]
[WhiteFideId "7002815"]
[BlackFideId "4307763"]
[EventDate "2021.08.27"]
[EventType "team"]

1. d4 Nf6 2. c4 g6 3. Nc3 Bg7 4. e4 d6 5. Nf3 O-O 6. Be2 e5 7. O-O Nc6 8. d5 Ne7
9. Ne1 Nd7 10. Bg4 f5 11. Bh3 Nf6 12. f3 f4 13. Bxc8 Rxc8 14. Nd3 g5 15. c5 h5
16. cxd6 cxd6 17. Nf2 Qd7 18. h3 Ng6 19. Bd2 Nh8 20. Ne2 Nf7 21. g3 Nh6 22. g4
hxg4 23. hxg4 Kf7 24. Nh3 Kg6 25. Qe1 Rh8 26. Nf2 Bf8 27. Kg2 Be7 28. Rh1 Rcf8
29. Qg1 Nfxg4 30. Kf1 Ne3+ 31. Bxe3 fxe3 32. Nd1 Rxf3+ 33. Ke1 Qb5 34. Rb1 Qb4+
35. Ndc3 Rhf8 36. Qg2 Rf2 37. Qh3 Rh8 38. Qe6+ Bf6 39. Qh3 Nf7 40. Qxe3 Rxh1+
41. Kxf2 Rh2+ 42. Kg1 Rh8 43. Qf3 Qb6+ 44. Kg2 Kg7 45. Rf1 Rh6 46. Ng3 Qxb2+ 47.
Nce2 Rg6 48. Nf5+ Kf8 49. Ng3 g4 50. Qe3 Qxa2 51. Qc3 Qa6 52. Qc8+ Kg7 53. Nf5+
Kh7 54. Rh1+ Nh6 55. Qd7+ Bg7 56. Rxh6+ Kg8 57. Qe8+ Bf8 58. Qxg6+ Bg7 59. Qxg7# 1-0

[Event "Online Olym Div3 A 2021"]
[Site "chess.com INT"]
[Date "2021.08.28"]
[Round "4.1"]
[Board "1"]
[White "Thing, Bibek"]
[Black "Aoshima, Mirai"]
[Result "1/2-1/2"]
[WhiteTitle "CM"]
[BlackTitle "FM"]
[WhiteElo "2190"]
[BlackElo "2342"]
[WhiteTeam "Nepal"]
[BlackTeam "Japan"]
[WhiteFideId "12303135"]
[BlackFideId "7002386"]
[EventDate "2021.08.27"]
[EventType "team"]

1. e4 c5 2. Nf3 d6 3. Bb5+ Nd7 4. O-O a6 5. Bxd7+ Bxd7 6. Re1 g6 7. Nc3 Bg7 8.
b3 e6 9. Bb2 Ne7 10. d4 cxd4 11. Nxd4 O-O 12. Qd2 Qc7 13. Rad1 Rfd8 14. Nce2 b5
15. h4 Rac8 16. Bc3 Qb7 17. Ba5 Rf8 18. Ng3 Nc6 19. Nxc6 Rxc6 20. e5 Rfc8 21.
exd6 Rxc2 22. Qf4 Rxa2 23. Bc7 e5 24. Rxe5 Bxe5 25. Qxe5 Re8 26. Qf6 Qc6 27. Nh5
gxh5 28. Qg5+ Kf8 29. Qh6+ Kg8 30. Qg5+ Kf8 31. Qh6+ Kg8 32. Qg5+ 1/2-1/2

[Event "Online Olym Div3 A 2021"]
[Site "chess.com INT"]
[Date "2021.08.28"]
[Round "4.1"]
[Board "2"]
[White "Kobayashi, Atsuhiko"]
[Black "Jaiswal, Rupesh"]
[Result "0-1"]
[BlackTitle "FM"]
[WhiteElo "2141"]
[BlackElo "2102"]
[WhiteTeam "Japan"]
[BlackTeam "Nepal"]
[WhiteFideId "7000049"]
[BlackFideId "12300870"]
[EventDate "2021.08.27"]
[EventType "team"]

1. Nf3 Nf6 2. c4 g6 3. Nc3 Bg7 4. e4 d6 5. d4 O-O 6. h3 a6 7. Bg5 c5 8. d5 b5 9.
cxb5 axb5 10. Bxb5 Nxe4 11. Nxe4 Qa5+ 12. Nc3 Bxc3+ 13. bxc3 Qxb5 14. Nd2 Qd3
15. Qf3 Ba6 16. Qxd3 Bxd3 17. h4 Nd7 18. Rh3 c4 19. Bxe7 Rfe8 20. Re3 Nb6 21.
Bxd6 Nxd5 22. Rxe8+ Rxe8+ 23. Kd1 Nxc3+ 24. Kc1 Re1+ 25. Kb2 Na4+ 0-1

[Event "Online Olym Div3 A 2021"]
[Site "chess.com INT"]
[Date "2021.08.28"]
[Round "4.1"]
[Board "3"]
[White "Lohani, Sujana"]
[Black "Takayasu, Melody"]
[Result "0-1"]
[WhiteTitle "WFM"]
[WhiteElo "1675"]
[BlackElo "1692"]
[WhiteTeam "Nepal"]
[BlackTeam "Japan"]
[WhiteFideId "12311987"]
[BlackFideId "7003501"]
[EventDate "2021.08.27"]
[EventType "team"]

1. d4 Nf6 2. Nf3 d6 3. g3 g6 4. Bg2 Bg7 5. O-O O-O 6. c4 Nc6 7. Nc3 Re8 8. d5
Ne5 9. Nxe5 dxe5 10. Qc2 Nd7 11. Ne4 f5 12. Ng5 Nf6 13. Rd1 h6 14. Ne6 Bxe6 15.
dxe6 Qc8 16. Qb3 c6 17. c5 Qc7 18. Bd2 Red8 19. Bc3 e4 20. Qa4 Nd5 21. Bxg7 Kxg7
22. Qd4+ Nf6 23. Qc3 Rxd1+ 24. Rxd1 Rd8 25. Rd4 Rd5 26. f3 Qe5 27. e3 Rxc5 28.
Qd2 Qxe6 29. fxe4 Nxe4 30. Bxe4 fxe4 31. b4 Rd5 32. Qc3 Qe5 33. Qd2 Rxd4 34.
exd4 Qd5 35. Kf2 e5 36. Ke3 exd4+ 37. Qxd4+ Qxd4+ 38. Kxd4 e3 39. Kxe3 Kf6 40.
Kf4 b6 41. h3 a5 42. bxa5 bxa5 43. a4 c5 44. Ke4 Ke6 45. Kd3 Kd5 46. Kc3 c4 47.
g4 g5 48. Kc2 Kd4 49. Kd2 c3+ 50. Kc2 Kc4 51. Kc1 Kb3 52. Kb1 Kxa4 53. Kc2 Kb4
54. Kc1 Kb3 55. Kb1 a4 56. Kc1 c2 0-1

[Event "Online Olym Div3 A 2021"]
[Site "chess.com INT"]
[Date "2021.08.28"]
[Round "4.1"]
[Board "4"]
[White "Misawa, Yuki"]
[Black "Adhikari, Kritisara"]
[Result "1-0"]
[WhiteElo "1577"]
[BlackElo "1445"]
[WhiteTeam "Japan"]
[BlackTeam "Nepal"]
[WhiteFideId "7003862"]
[BlackFideId "12315583"]
[EventDate "2021.08.27"]
[EventType "team"]

1. d4 Nf6 2. c4 g6 3. Nc3 Bg7 4. e4 d6 5. h3 O-O 6. Bg5 Nbd7 7. Nf3 c5 8. d5 Rb8
9. Be2 a6 10. a4 Qb6 11. Qc2 Qc7 12. O-O h6 13. Be3 Kh7 14. Nh2 Ne5 15. Nf3
Nxf3+ 16. Bxf3 Nd7 17. Qd2 Ne5 18. Be2 Nd7 19. Rab1 Nf6 20. Qd3 Bd7 21. b3 b6
22. Bf4 Rfe8 23. Rfd1 Rf8 24. Qe3 Ra8 25. Bd3 Be8 26. Bc2 Nh5 27. Bh2 Nf6 28.
Ne2 Nd7 29. Nf4 Bd4 30. Qf3 Ne5 31. Qe2 Rb8 32. Qd2 Nd7 33. Ne2 Bg7 34. Nf4 b5
35. axb5 axb5 36. Nd3 b4 37. f4 Ra8 38. Re1 Ra2 39. e5 Qa7 40. Rec1 Qb8 41. Qe3
Ra5 42. exd6 exd6 43. Qf3 Bd4+ 44. Kf1 Nf6 45. f5 Ra6 46. Nf4 Rg8 47. fxg6+ fxg6
48. Ne6 Qb7 49. Qd3 Qf7 50. Ke2 Kh8 51. Nxd4 cxd4 52. Qxd4 Qe7+ 53. Qe3 Qxe3+
54. Kxe3 Bf7 55. Kf3 Re8 56. Re1 Rxe1 57. Rxe1 Ra2 58. Re2 Kg7 59. Bxd6 Nh5 60.
Bxb4 Ra6 61. Bc3+ Kg8 62. g4 Nf6 63. Bxf6 Rxf6+ 64. Kg3 g5 65. b4 Rb6 66. b5 Rb8
67. Re3 Rc8 68. Rc3 Kg7 69. Bf5 Rc5 70. Be6 Bg6 71. Bf5 Be8 72. Bd3 Bxb5 73. h4
gxh4+ 74. Kxh4 Bd7 75. Bf5 Bb5 76. Kh5 Be8+ 77. Kh4 Bb5 78. Bd3 Bd7 79. Rc2 Kf6
80. Kh5 Kg7 81. Re2 Ba4 82. Re7+ Kf6 83. Rh7 Ke5 84. Rxh6 Be8+ 85. Kh4 Kf4 86.
Rf6+ Ke3 87. Bf1 Ba4 88. g5 Bc2 89. g6 Rc8 90. Kg5 Rh8 91. g7 Rh1 92. Rf8 Rg1+
93. Kh6 Rh1+ 94. Kg5 Rg1+ 95. Kf6 Rxf1+ 96. Ke7 Rg1 97. g8=Q Rxg8 98. Rxg8 Kd4
99. d6 Ba4 100. Rc8 Ke5 101. c5 Kd5 102. d7 Bxd7 103. Kxd7 Kd4 104. c6 Kd5 105.
Rh8 Kc5 106. c7 1-0

[Event "Online Olym Div3 A 2021"]
[Site "chess.com INT"]
[Date "2021.08.28"]
[Round "4.1"]
[Board "5"]
[White "Kusatha, Niken"]
[Black "Otawa, Yuto"]
[Result "1/2-1/2"]
[WhiteElo "1984"]
[BlackElo "2125"]
[WhiteTeam "Nepal"]
[BlackTeam "Japan"]
[WhiteFideId "12314560"]
[BlackFideId "7001762"]
[EventDate "2021.08.27"]
[EventType "team"]

1. e4 e5 2. Nf3 Nc6 3. Bc4 Bc5 4. c3 Nf6 5. d4 exd4 6. b4 Bb6 7. e5 Ne4 8. Bd5
Nxc3 9. Nxc3 dxc3 10. Bg5 Ne7 11. O-O O-O 12. Bb3 Qe8 13. Re1 Ng6 14. h4 h6 15.
h5 Ne7 16. Bf6 Nf5 17. Qd3 d5 18. exd6 Qc6 19. Be7 Nxd6 20. Ne5 Bf5 21. Nxc6
Bxd3 22. Bxf8 Kxf8 23. Ne5 Bf5 24. g4 Be6 25. Bxe6 fxe6 26. Ng6+ Kf7 27. Rac1
Bd4 28. Kg2 a5 29. bxa5 Rxa5 30. Nf4 Rxa2 31. Re2 Rb2 32. Rcc2 e5 33. Nd3 Rb5
34. Ne1 Nc4 35. Nf3 Na3 36. Rc1 Rb2 37. Rxb2 cxb2 38. Rxc7+ Kf6 39. Nd2 b1=Q 40.
Nxb1 Nxb1 41. Rxb7 Nc3 42. Rb3 Nd5 43. Kf3 Nf4 44. Ra3 Ne6 45. Ra6 Ke7 46. Rc6
Ng5+ 47. Kg2 Kf7 48. Rc2 Ne6 49. f3 Nf4+ 50. Kg3 Ne6 51. Rc6 Be3 52. Ra6 Bf4+
53. Kf2 Ke7 54. Ra7+ Kf6 55. Ra6 Ke7 56. Ra7+ Kd6 57. Ra6+ Kd5 58. Ra7 Bg5 59.
Ra4 Nc5 60. Ra7 Bf6 61. Ra3 Kd4 62. Ke2 e4 63. fxe4 Nxe4 64. Ra4+ Kd5 65. Ra5+
Nc5 66. Kf3 Kd6 67. Ra8 Ne6 68. Ra6+ Ke5 69. Ra5+ Kd6 70. Ra6+ Kd5 71. Ra5+ Nc5
72. Kf4 Kd4 73. Kf5 Nd3 74. Ra6 Ke3 75. Rxf6 gxf6 76. Kxf6 Kf4 77. Kg6 Kxg4 78.
Kxh6 Nf4 79. Kg7 Nxh5+ 1/2-1/2

[Event "Online Olym Div3 A 2021"]
[Site "chess.com INT"]
[Date "2021.08.28"]
[Round "4.1"]
[Board "6"]
[White "Mitsuyama, Rikka"]
[Black "Neupane, Anisha"]
[Result "1-0"]
[WhiteElo "1157"]
[BlackElo "1459"]
[WhiteTeam "Japan"]
[BlackTeam "Nepal"]
[WhiteFideId "7002815"]
[BlackFideId "12311642"]
[EventDate "2021.08.27"]
[EventType "team"]

1. d4 Nf6 2. c4 e6 3. Nc3 d5 4. Bg5 Be7 5. Nf3 h6 6. Bh4 O-O 7. e3 Nbd7 8. Rc1
b6 9. Bd3 Bb7 10. O-O c5 11. cxd5 Nxd5 12. Bg3 Rc8 13. Bb1 N7f6 14. Re1 Nxc3 15.
bxc3 Be4 16. Bd3 cxd4 17. exd4 Bxd3 18. Qxd3 Qd5 19. c4 Qa5 20. Ne5 Rfd8 21.
Red1 Nh5 22. Qf3 Nf6 23. Nc6 Qa3 24. Rc3 Qxa2 25. Nxe7+ 1-0

[Event "Online Olym Div3 A 2021"]
[Site "chess.com INT"]
[Date "2021.08.28"]
[Round "4.2"]
[Board "1"]
[White "Lim, Zhuo Ren"]
[Black "Fan, Allen Chi Zhou"]
[Result "1-0"]
[WhiteTitle "FM"]
[BlackTitle "FM"]
[WhiteElo "2311"]
[BlackElo "2147"]
[WhiteTeam "Malaysia"]
[BlackTeam "New Zealand"]
[WhiteFideId "5702488"]
[BlackFideId "4304128"]
[EventDate "2021.08.27"]
[EventType "team"]

1. d4 Nf6 2. c4 g6 3. g3 Bg7 4. Bg2 O-O 5. Nc3 d6 6. Nf3 Nc6 7. O-O a6 8. b3 Rb8
9. d5 Na5 10. Bg5 h6 11. Bd2 c5 12. dxc6 Nxc6 13. Rc1 b6 14. Ne1 Bb7 15. Nd3 Nd7
16. Nf4 e6 17. Be3 Qe7 18. Qd2 Rfd8 19. Rfd1 Nc5 20. Ne4 Ne5 21. Nc3 Bxg2 22.
Nxg2 Ng4 23. Bd4 Nf6 24. Qc2 b5 25. Bxc5 dxc5 26. Rxd8+ Qxd8 27. Rd1 Qa5 28. Ne3
Kh7 29. Rd3 Rb7 30. Kg2 b4 31. Na4 Ne4 32. f3 Nc3 33. Nxc3 Bxc3 34. Nd1 Bd4 35.
e3 Bf6 36. Nf2 Rc7 37. Ne4 Be5 38. Rd2 Qa3 39. f4 Bg7 40. g4 a5 41. h4 a4 42. h5
axb3 43. axb3 Qa8 44. Kg3 f5 45. hxg6+ Kxg6 46. gxf5+ exf5 47. Nd6 Qf8 48. Rd5
Bf6 49. Qxf5+ Kg7 50. Ne4 Rf7 51. Nxf6 Rxf6 52. Rd7+ Rf7 53. Rxf7+ Qxf7 54.
Qxf7+ Kxf7 55. Kg4 Kf6 56. e4 Ke6 57. Kh5 Kf6 58. Kxh6 1-0

[Event "Online Olym Div3 A 2021"]
[Site "chess.com INT"]
[Date "2021.08.28"]
[Round "4.2"]
[Board "2"]
[White "Xie, Felix"]
[Black "Looi, Xin Hao"]
[Result "1-0"]
[WhiteTitle "CM"]
[WhiteElo "2132"]
[BlackElo "2101"]
[WhiteTeam "New Zealand"]
[BlackTeam "Malaysia"]
[WhiteFideId "4308174"]
[BlackFideId "5702828"]
[EventDate "2021.08.27"]
[EventType "team"]

1. d4 Nf6 2. Bg5 d5 3. Bxf6 exf6 4. e3 Bd6 5. g3 O-O 6. Bg2 c6 7. Ne2 Re8 8. O-O
Nd7 9. Nd2 Nf8 10. c4 dxc4 11. Nxc4 Bc7 12. b4 Bg4 13. Re1 Qd7 14. Qd2 Rad8 15.
Nc3 Bh3 16. Rad1 Bxg2 17. Kxg2 Ne6 18. f4 h5 19. h3 b5 20. Nb2 a5 21. a3 axb4
22. axb4 c5 23. bxc5 Nxc5 24. Nd3 Nxd3 25. Qxd3 Ba5 26. Rc1 Rc8 27. Red1 Qe6 28.
Nxb5 Qa2+ 29. Kf3 Rxc1 30. Rxc1 Qh2 31. Nd6 Rd8 32. Nb7 Qxh3 33. Nxd8 Bxd8 34.
Qe4 Qd7 35. Qc6 Qg4+ 36. Kf2 Kh7 37. Qe4+ f5 38. Qf3 Qg6 39. Rh1 Kh6 40. Rc1 Be7
41. Rc6 Bf6 42. d5 Kh7 43. d6 h4 44. Rc1 Bb2 45. Rd1 hxg3+ 46. Qxg3 Qh5 47. Rg1
Bf6 48. Qf3 Bh4+ 49. Ke2 Qh6 50. Rd1 Bd8 51. Rh1 Bh4 52. Qh3 g5 53. fxg5 Qh5+
54. Kd3 1-0

[Event "Online Olym Div3 A 2021"]
[Site "chess.com INT"]
[Date "2021.08.28"]
[Round "4.2"]
[Board "3"]
[White "Azhar, Puteri Munajjah Az-Zahraa"]
[Black "Chang, Yolanda"]
[Result "1-0"]
[WhiteTitle "WIM"]
[WhiteElo "2046"]
[BlackElo "1400"]
[WhiteTeam "Malaysia"]
[BlackTeam "New Zealand"]
[WhiteFideId "5709040"]
[BlackFideId "4309332"]
[EventDate "2021.08.27"]
[EventType "team"]

1. d4 d5 2. c4 e6 3. Nf3 c6 4. Nc3 Nf6 5. Bg5 Nbd7 6. Qc2 Be7 7. e3 O-O 8. cxd5
exd5 9. Bd3 h6 10. Bh4 Re8 11. O-O b6 12. Rfe1 Bb7 13. Bg3 Nh5 14. Be5 Nhf6 15.
Bf5 Nxe5 16. dxe5 Nd7 17. e6 fxe6 18. Bxe6+ Kh8 19. Qf5 Nf6 20. Ne5 Bd6 21. Nf7+
Kg8 22. Nxd8+ Kf8 23. Nxb7 Bb4 24. a3 Bxc3 25. bxc3 Re7 26. Nd6 Rd8 27. Nf7 Rde8
28. Nd6 Rxe6 29. Nxe8 Rxe8 30. e4 dxe4 31. Rad1 Kg8 32. f3 e3 33. Rd3 Nd5 34. c4
Nf6 35. Rdxe3 Rd8 36. Re7 a6 37. Qg6 Nh5 38. Re8+ 1-0

[Event "Online Olym Div3 A 2021"]
[Site "chess.com INT"]
[Date "2021.08.28"]
[Round "4.2"]
[Board "4"]
[White "Thurner, Anya"]
[Black "Azhar, Puteri Rifqah Fahada"]
[Result "0-1"]
[BlackTitle "WFM"]
[WhiteElo "1557"]
[BlackElo "1939"]
[WhiteTeam "New Zealand"]
[BlackTeam "Malaysia"]
[WhiteFideId "4307780"]
[BlackFideId "5702879"]
[EventDate "2021.08.27"]
[EventType "team"]

1. e4 c5 2. b3 e6 3. Bb2 Nf6 4. Nc3 d6 5. f4 a6 6. Nf3 Be7 7. d3 Qc7 8. g3 b6 9.
Bg2 Bb7 10. O-O Nbd7 11. Kh1 O-O 12. Qe2 Rac8 13. Rae1 b5 14. e5 Nd5 15. exd6
Bxd6 16. Ne4 Be7 17. c4 N5f6 18. cxb5 axb5 19. Nxf6+ Bxf6 20. Bxf6 Nxf6 21. d4
c4 22. Qe5 Bd5 23. Rc1 Rfd8 24. Qxc7 Rxc7 25. Rfd1 Ng4 26. Kg1 c3 27. h3 Nf6 28.
Ne5 b4 29. Bxd5 Rxd5 30. Nd3 Rb5 31. Nc5 Nd5 32. Kf2 Kf8 33. Rc2 Ke7 34. Rdc1
Ra7 35. Na4 Rb8 36. Nc5 Rd8 37. Rd1 Nc7 38. Na4 Nb5 39. Ke3 Rad7 40. Nc5 Rxd4
41. Rxd4 Nxd4 42. Rc1 Nf5+ 43. Kf3 Nd4+ 44. Ke3 Nf5+ 45. Kf3 Rc8 46. Nd3 Rb8 47.
Ne5 Rb6 48. Nc4 Rb7 49. g4 Nd4+ 50. Ke3 Nb5 51. Kd3 Rd7+ 52. Ke3 Rc7 53. Ne5 Nd6
54. Nd3 Rb7 55. Nc5 Rb5 56. Nd3 f6 57. Rc2 Nb7 58. Rc1 Na5 59. Rc2 Nc6 60. Rc1
Kd6 61. Nf2 Kc7 62. Ne4 Rd5 63. Nf2 Kb6 64. Nd3 Kb5 65. Nf2 Rd2 66. Ra1 Ne7 67.
Ne4 Rh2 68. Nf2 h5 69. Kf3 hxg4+ 70. Kg3 Rxf2 71. Kxf2 gxh3 72. Kg3 Nf5+ 73.
Kxh3 Kc5 74. a3 bxa3 75. Rxa3 Kb4 76. Ra1 Kxb3 77. Kg4 c2 78. Kf3 Kb2 79. Re1
c1=Q 80. Rxc1 Kxc1 0-1

[Event "Online Olym Div3 A 2021"]
[Site "chess.com INT"]
[Date "2021.08.28"]
[Round "4.2"]
[Board "5"]
[White "Chan, Kim Yew"]
[Black "Picken, Oliver"]
[Result "1-0"]
[WhiteTitle "FM"]
[BlackTitle "CM"]
[WhiteElo "2303"]
[BlackElo "1767"]
[WhiteTeam "Malaysia"]
[BlackTeam "New Zealand"]
[WhiteFideId "5717981"]
[BlackFideId "4304764"]
[EventDate "2021.08.27"]
[EventType "team"]

1. d4 e6 2. Nf3 c5 3. c4 cxd4 4. Nxd4 Nc6 5. Nc3 a6 6. g3 Nf6 7. Bg2 Be7 8. O-O
O-O 9. h3 Qb6 10. Nb3 d6 11. e4 Rb8 12. Be3 Qc7 13. Rc1 Bd7 14. Qe2 Rfc8 15.
Rfd1 Na5 16. Nxa5 Qxa5 17. a3 b5 18. c5 dxc5 19. e5 Nd5 20. Nxd5 exd5 21. Bxd5
Bc6 22. Bxc6 Rxc6 23. Rd7 Rc7 24. b4 Qb6 25. bxc5 Qb7 26. c6 Qc8 27. e6 fxe6 28.
Rxc7 Qxc7 29. Bf4 e5 30. Bxe5 Bd6 31. Qa2+ Kh8 32. Bxd6 Qxd6 33. c7 Rc8 34. Qc2
h6 35. Qc3 Qb6 36. Qd3 Qf6 37. Qd7 Rf8 38. Rc2 Qa1+ 39. Kg2 Qxa3 40. c8=Q Qf3+
41. Kg1 Kh7 42. Qc3 Qh5 43. Qdxg7# 1-0

[Event "Online Olym Div3 A 2021"]
[Site "chess.com INT"]
[Date "2021.08.28"]
[Round "4.2"]
[Board "6"]
[White "Ning, Isabelle Yixuan"]
[Black "Chua, Jia-Tien"]
[Result "0-1"]
[WhiteTitle "WCM"]
[BlackTitle "WCM"]
[WhiteElo "1774"]
[BlackElo "1822"]
[WhiteTeam "New Zealand"]
[BlackTeam "Malaysia"]
[WhiteFideId "4307763"]
[BlackFideId "5710006"]
[EventDate "2021.08.27"]
[EventType "team"]

1. d4 d5 2. Bf4 c6 3. e3 Bf5 4. Nf3 Qb6 5. Qc1 e6 6. Bd3 Bxd3 7. cxd3 Nf6 8. O-O
Be7 9. Nc3 Nbd7 10. e4 dxe4 11. dxe4 O-O 12. Rb1 Rac8 13. h3 h6 14. Qe3 Rfe8 15.
Rfd1 Bf8 16. Ne5 c5 17. dxc5 Bxc5 18. Nxd7 Bxe3 19. Nxb6 Bxb6 20. e5 Nh5 21. Bh2
g6 22. Rd7 Red8 23. Rbd1 Ng7 24. g4 Ne8 25. Rxd8 Rxd8 26. Rxd8 Bxd8 27. Nb5 a6
28. Nd6 Nxd6 29. exd6 Kf8 30. Kf1 Ke8 31. Ke2 Kd7 32. Kd3 Bb6 33. f3 Bc5 34. Kc4
Bxd6 35. Bg1 b5+ 36. Kd4 Kc6 37. Ke4 f5+ 38. Kd3 Kd5 39. b3 Bc5 40. Bh2 e5 41.
a4 f4 42. axb5 axb5 43. Kd2 Be3+ 44. Kd3 b4 45. Kc2 Kd4 46. Kb2 Kd3 47. Ka2 Kc2
48. h4 h5 49. gxh5 gxh5 50. Ka1 Kxb3 51. Kb1 Bf2 52. Ka1 Kc2 53. Ka2 b3+ 54. Ka3
b2 0-1

[Event "Online Olym Div3 A 2021"]
[Site "chess.com INT"]
[Date "2021.08.28"]
[Round "4.3"]
[Board "1"]
[White "Yarmonov, Igor"]
[Black "Liyanage, Ranindu Dilshan"]
[Result "1-0"]
[WhiteTitle "IM"]
[BlackTitle "CM"]
[WhiteElo "2394"]
[BlackElo "2203"]
[WhiteTeam "IPCA"]
[BlackTeam "Sri Lanka"]
[WhiteFideId "14114496"]
[BlackFideId "9915834"]
[EventDate "2021.08.27"]
[EventType "team"]

1. d4 Nf6 2. c4 e6 3. Nc3 Bb4 4. Qc2 O-O 5. a3 Bxc3+ 6. Qxc3 b5 7. cxb5 c6 8.
Bg5 cxb5 9. e3 Bb7 10. Nf3 a6 11. Rc1 Nc6 12. Be2 Ne4 13. Bxd8 Nxc3 14. Rxc3
Rfxd8 15. Kd2 Rac8 16. Rhc1 f6 17. g3 Ne7 18. Rxc8 Rxc8 19. Rxc8+ Nxc8 20. Ne1
Nb6 21. Nd3 d6 22. Ne1 Kf7 23. Kc3 Nd5+ 24. Kb3 Ke7 25. e4 Nb6 26. Bd3 e5 27.
Nc2 Kd7 28. Kb4 Kc7 29. f4 Nd7 30. Kc3 Nb6 31. b3 d5 32. dxe5 dxe4 33. Be2 fxe5
34. fxe5 Kd7 35. Kd4 Nd5 36. Bg4+ Ke7 37. Bf5 Nc7 38. Bxh7 Ne6+ 39. Ke3 Ng5 40.
Bf5 Nf3 41. Bxe4 Bxe4 42. Kxe4 Nd2+ 43. Kd5 Nxb3 44. h4 Nd2 45. g4 a5 46. h5 Nf3
47. Nd4 b4 48. Nxf3 bxa3 49. Nd4 a4 50. g5 1-0

[Event "Online Olym Div3 A 2021"]
[Site "chess.com INT"]
[Date "2021.08.28"]
[Round "4.3"]
[Board "2"]
[White "Doluweera, Minul Sanjula"]
[Black "Nowak, Lukasz2"]
[Result "1-0"]
[WhiteTitle "FM"]
[BlackTitle "FM"]
[WhiteElo "2129"]
[BlackElo "2353"]
[WhiteTeam "Sri Lanka"]
[BlackTeam "IPCA"]
[WhiteFideId "9910760"]
[BlackFideId "1166760"]
[EventDate "2021.08.27"]
[EventType "team"]

1. d4 d5 2. c4 e6 3. Nc3 a6 4. cxd5 exd5 5. Nf3 h6 6. Bf4 Nf6 7. e3 Bd6 8. Qc2
Bxf4 9. exf4 O-O 10. h3 Re8+ 11. Ne5 c5 12. dxc5 Qa5 13. O-O-O Nc6 14. g4 Qxc5
15. g5 hxg5 16. fxg5 Ne4 17. Rxd5 Qxf2 18. Qxe4 Bf5 19. Ng4 Bxe4 20. Nxf2 Bxd5
21. Nxd5 Rad8 22. Nc3 Re1+ 23. Nfd1 Nb4 24. Bg2 Nxa2+ 25. Kc2 Rxh1 26. Bxh1 Nb4+
27. Kb3 Nc6 28. Bxc6 bxc6 29. Kc4 Kf8 30. Kc5 Ke7 31. Kxc6 Rd3 32. Kb6 Rxh3 33.
Kxa6 Rg3 34. Ne4 Rg4 35. Ndc3 f6 36. gxf6+ gxf6 37. Nf2 Rb4 38. Nd5+ Ke6 39.
Nxb4 Kd6 40. Nbd3 Kd5 41. b4 1-0